Adolescencia y juventud: aportes para una discusión /

Sábháilte in:
Sonraí bibleagrafaíochta
Príomhchruthaitheoir: Rojas Breedy, Ana Lorena
Údar corparáideach: OPS. Representación de Costa Rica
Rannpháirtithe: Donas Burak, Solum
Formáid: Anaithnid
Foilsithe / Cruthaithe: San José: OPS
Ábhair:
Clibeanna: Cuir clib leis
Níl clibeanna ann, Bí ar an gcéad duine le clib a chur leis an taifead seo!

MARC

LEADER 00000 a2200000 04500
001 11447
003
008 991231s d
040
090 |a 139506  
100 |a Rojas Breedy, Ana Lorena  
110 |a OPS. Representación de Costa Rica  
245 |a Adolescencia y juventud: aportes para una discusión /  |c Ana Lorena Rojas Breedy 
260 |a San José:   |b OPS  
300 |a 227 p.  
650 |a JUVENTUD  
650 |a ADOLESCENCIA  
650 |a INVESTIGACION  
650 |a POBLACION  
650 |a CREATIVIDAD  
650 |a PSICOLOGIA  
700 |a   
700 |a Donas Burak, Solum  
700 |a   
999 |c 13683  |d 13683